The puppy twins / (Record no. 8810)

MARC details
000 -LEADER
fixed length control field 00967nam a22002657a 4500
001 - CONTROL NUMBER
control field 8810
003 - CONTROL NUMBER IDENTIFIER
control field FISKH
005 - DATE AND TIME OF LATEST TRANSACTION
control field 20251021152651.0
008 - FIXED-LENGTH DATA ELEMENTS--GENERAL INFORMATION
fixed length control field 251021b cb ||||| |||| 00| 0 eng d
040 ## - CATALOGING SOURCE
Original cataloging agency FISKH
Language of cataloging eng
Transcribing agency FISKH
Modifying agency FISKH
050 ## - LIBRARY OF CONGRESS CALL NUMBER
Classification number PZ7.W6845 P
082 ## - DEWEY DECIMAL CLASSIFICATION NUMBER
Classification number 415
100 ## - MAIN ENTRY--PERSONAL NAME
Personal name Bromberg, Brian
245 ## - TITLE STATEMENT
Title The puppy twins /
Statement of responsibility, etc. adapted by Sarah Willson based on the screenplay " Bark, bark to play park " Written by Brian Bromberg ; illustrated by Steve Savitsky
260 ## - PUBLICATION, DISTRIBUTION, ETC.
Place of publication, distribution, etc. New York :
Name of publisher, distributor, etc. Simon Spotlight,
Date of publication, distribution, etc. 2009.
300 ## - PHYSICAL DESCRIPTION
Extent 22 unnumbered pages :
Other physical details color illustrations ;
Dimensions 23 cm
505 ## - FORMATTED CONTENTS NOTE
Formatted contents note E<br/>
520 ## - SUMMARY, ETC.
Summary, etc. Juvenile Fiction. Juvenile Literature. HTML:Dora the Explorer's puppy has a twin! So does Map! Come to the tain arty and meet all the twins!
521 8# - TARGET AUDIENCE NOTE
Target audience note 210<br/>
Source Lexile estimate<br/>
521 8# - TARGET AUDIENCE NOTE
Target audience note E<br/>
Source Raz-Plus<br/>
650 ## - SUBJECT ADDED ENTRY--TOPICAL TERM
Topical term or geographic name entry element Dora the Explorer
Form subdivision Kindergarten
700 ## - ADDED ENTRY--PERSONAL NAME
Personal name Savitsky, Steve
942 ## - ADDED ENTRY ELEMENTS (KOHA)
Source of classification or shelving scheme Dewey Decimal Classification
Koha item type Books
Suppress in OPAC No
Holdings
Withdrawn status Lost status Source of classification or shelving scheme Damaged status Not for loan Collection Home library Current library Shelving location Date acquired Total Checkouts Full call number Barcode Date last seen Date last checked out Copy number Price effective from Koha item type
    Dewey Decimal Classification     Juvenile Fiction Footprints International School Library Network Toul Kork Campus Footprints International School Library Network Toul Kork Campus TK Primary Library Room(4th Floor), Bookcase 7, Shelves 57-60, Dark Green Books 10/21/2025 1 BRO 415 PZ7.W6845 P FISTK01190 03/19/2026 03/12/2026 1 10/21/2025 Books